[Event "Talent CUP 2019 - C"]
[Site "?"]
[Date "2019.12.14"]
[Round "6.4"]
[White "Matusik, Petr"]
[Black "Wolak, Jan"]
[Result "0-1"]
[WhiteElo "1120"]
[BlackElo "1170"]
[PlyCount "70"]
[EventDate "2019.??.??"]

1. e4 e5 2. Nf3 Nf6 3. Nxe5 d6 4. Nf3 Nxe4 5. Qe2 Qe7 6. d3 Nf6 7. Bg5 Qxe2+ 8.
Bxe2 Be7 9. O-O O-O 10. Nc3 Nc6 11. Rae1 Be6 12. d4 d5 13. Bb5 a6 14. Bxc6 bxc6
15. Ne5 c5 16. dxc5 Bxc5 17. a3 d4 18. Ne4 Nxe4 19. Rxe4 f6 20. Nd3 Bf5 21.
Nxc5 Bxe4 22. Nxe4 fxg5 23. Nxg5 Rab8 24. Ne6 Rf7 25. Nxd4 Rxb2 26. Rd1 Rd7 27.
c3 c5 28. g3 cxd4 29. Rxd4 Rxd4 30. cxd4 Rd2 31. Kf1 Kf7 32. Ke1 Ra2 33. Kd1
Ke6 34. f4 Kd5 35. Ke1 Ke4 0-1

[Event "Talent CUP 2019 - C"]
[Site "?"]
[Date "2019.12.14"]
[Round "7.2"]
[White "Wolak, Jan"]
[Black "Milek, Tobias"]
[Result "1/2-1/2"]
[WhiteElo "1170"]
[BlackElo "1196"]
[PlyCount "57"]
[EventDate "2019.??.??"]

1. d4 d5 2. c4 dxc4 3. e3 Nf6 4. Bxc4 g6 5. Nc3 Bg7 6. Nf3 O-O 7. O-O Bg4 8.
Bd2 Nc6 9. Rc1 a6 10. h3 Bf5 11. Re1 b5 12. Bb3 Nb4 13. Ne5 Nd7 14. a3 Nxe5 15.
Rf1 Nbd3 16. Ra1 Nc6 17. Bd5 Qd7 18. Qf3 Nde5 19. dxe5 Nxe5 20. Qg3 c6 21. e4
cxd5 22. exf5 Qxf5 23. Nxd5 Qd7 24. Rad1 Qxd5 25. Bc3 Qc5 26. Rfe1 f6 27. Rc1
Qd6 28. Bb4 Qe6 29. f4 1/2-1/2

[Event "Talent CUP 2019 - C"]
[Site "?"]
[Date "2019.12.14"]
[Round "7.3"]
[White "Mrazek, Matous"]
[Black "Policar, Martin"]
[Result "0-1"]
[WhiteElo "1224"]
[BlackElo "1235"]
[PlyCount "64"]
[EventDate "2019.??.??"]

1. e4 e5 2. Nf3 Nc6 3. d4 exd4 4. Nxd4 Nxd4 5. Qxd4 Nf6 6. e5 Qe7 7. Be2 Qb4+
8. c3 Qxd4 9. cxd4 Nd5 10. O-O Bb4 11. a3 Ba5 12. b4 Bb6 13. Be3 d6 14. exd6
cxd6 15. Bb5+ Bd7 16. Bxd7+ Kxd7 17. Nd2 Nc3 18. Rfe1 Nb5 19. Nf3 Rhf8 20. Ng5
h6 21. Ne4 Bxd4 22. Bxd4 Nxd4 23. Red1 Nf5 24. Rd5 Rfe8 25. Nc5+ Kc6 26. Rxf5
dxc5 27. Rxc5+ Kb6 28. a4 a6 29. Rc4 Re7 30. b5 axb5 31. Rb4 Rxa4 32. Rb3 Rxa1+
0-1

[Event "Talent CUP 2019 - C"]
[Site "?"]
[Date "2019.12.15"]
[Round "8.1"]
[White "Wolak, Jan"]
[Black "Lecki, Leonard"]
[Result "0-1"]
[WhiteElo "1170"]
[BlackElo "1085"]
[PlyCount "60"]
[EventDate "2019.??.??"]

1. e4 c5 2. Nf3 g6 3. d4 cxd4 4. Nxd4 Nc6 5. Be3 Bg7 6. c3 Nf6 7. f3 O-O 8. Bc4
d5 9. exd5 Nxd5 10. Bxd5 Qxd5 11. O-O Rd8 12. Nd2 Nxd4 13. Bxd4 Bxd4+ 14. cxd4
Qxd4+ 15. Rf2 Qxb2 16. Rc1 Bf5 17. g4 Rac8 18. Rxc8 Bxc8 19. Qe1 Be6 20. Ne4
Qb6 21. Kh1 Rd4 22. Re2 Qc6 23. Qg3 Ra4 24. Qb8+ Kg7 25. g5 Ra5 26. Rd2 Qc1+
27. Kg2 Rxg5+ 28. Kf2 Qg1+ 29. Ke2 Bc4+ 30. Rd3 Rg2+ 0-1

[Event "Talent CUP 2019 - C"]
[Site "?"]
[Date "2019.12.15"]
[Round "8.2"]
[White "Milek, Tobias"]
[Black "Policar, Martin"]
[Result "0-1"]
[WhiteElo "1196"]
[BlackElo "1235"]
[PlyCount "110"]
[EventDate "2019.??.??"]

1. e4 e5 2. Nf3 Nc6 3. Bc4 Bc5 4. O-O Nf6 5. Nc3 O-O 6. d3 h6 7. Re1 d6 8. h3
Be6 9. Bxe6 fxe6 10. Be3 Bb6 11. Bxb6 axb6 12. d4 exd4 13. Nxd4 Nxd4 14. Qxd4
e5 15. Qc4+ Kh8 16. Nd5 b5 17. Qb3 c6 18. Nxf6 Qxf6 19. Rf1 Qf4 20. Qe3 Qxe3
21. fxe3 Rxf1+ 22. Kxf1 Ra4 23. Rd1 Rxa2 24. Rxd6 Rxb2 25. Rd8+ Kh7 26. Rb8
Rxc2 27. Rxb7 Rc4 28. Rc7 Kg6 29. Kf2 b4 30. Ke2 Kf6 31. Kd3 Rc5 32. Rb7 Rb5
33. Rxb5 cxb5 34. Kc2 Ke6 35. Kb3 Kd6 36. Kxb4 Kc6 37. g3 Kb6 38. h4 h5 39. Kb3
Kc5 40. Kc3 b4+ 41. Kb3 Kb5 42. Kc2 Kc4 43. Kb2 b3 44. Kc1 Kc3 45. Kb1 b2 46.
g4 hxg4 47. h5 g3 48. h6 gxh6 49. Ka2 Kc2 50. Ka3 b1=Q 51. Ka4 Kc3 52. Ka5 Kc4
53. Ka6 Kc5 54. Ka7 Kc6 55. Ka8 Qb7# 0-1

[Event "Talent CUP 2019 - C"]
[Site "?"]
[Date "2019.12.15"]
[Round "9.1"]
[White "Policar, Martin"]
[Black "Lecki, Leonard"]
[Result "1/2-1/2"]
[WhiteElo "1235"]
[BlackElo "1085"]
[PlyCount "51"]
[EventDate "2019.??.??"]

1. e4 c5 2. d4 cxd4 3. c3 dxc3 4. Nxc3 Nc6 5. Bc4 g6 6. Nf3 Bg7 7. Bf4 Nf6 8.
h3 a6 9. e5 Ng8 10. O-O e6 11. Qd6 Nge7 12. Bg5 O-O 13. Ne4 Nf5 14. Qd2 Qa5 15.
Qc1 Nxe5 16. b4 Qxb4 17. Nxe5 Bxe5 18. Nf6+ Bxf6 19. Bxf6 d5 20. g4 Ng7 21. Qh6
Ne8 22. a3 Qxc4 23. Be7 Ng7 24. Bf6 Ne8 25. Be7 Ng7 26. Bf6 1/2-1/2